| 000 | 01058nam a2200313Ia 4500 | ||
|---|---|---|---|
| 001 | Z_5483 | ||
| 003 | CHAP | ||
| 008 | 220113s2007 xx 000 0 und d | ||
| 010 | _a168567 | ||
| 040 | _cCHAP | ||
| 090 | _aTesis C 1995 | ||
| 100 |
_aCornejo Jiménez, Gerardo _928022 |
||
| 245 |
_aAsesoría técnicaa productores cunícolas de la DelegaciónTláhuac del D.F. (documento de titulación por la opción de Servicio Social Universitario) / _cGerardo Cornejo Jiménez y Mario Alberto Sánchez Díaz |
||
| 260 |
_aChapingo, Méx. : _bEl autor, _c2007 |
||
| 300 | _a83 h. | ||
| 502 | _aTesis (Ing. Agr. Esp. en Zootecnia) -- UACH. Departamento de Zootecnia | ||
| 650 |
_aAyuda técnica _xCunicultura _99037 |
||
| 650 |
_aConejos _xDestete _926359 |
||
| 650 |
_aConejos _xGenética _926367 |
||
| 650 |
_aConejos _xNutrición _926372 |
||
| 650 |
_aConejos _xReproducción _926378 |
||
| 700 |
_aSánchez Díaz, Mario Alberto _9107472 |
||
| 901 | _aTESIS C 1995 | ||
| 902 | _aM | ||
| 910 | _a2007 | ||
| 942 | _c2 | ||
| 942 | _c2 | ||
| 999 |
_c168567 _d168567 |
||